El relámpago (Record no. 173858)

MARC details
000 -LEADER
campo de control de longitud fija 00949namaa22002291 4500
001 - NÚMERO DE CONTROL
campo de control 173858
003 - IDENTIFICADOR DE NÚMERO DE CONTROL
campo de control ES-MaACL
005 - FECHA Y HORA DE LA ÚLTIMA TRANSACCIÓN
campo de control 20250824090224.0
007 - CAMPO FIJO DE DESCRIPCIÓN FÍSICA--INFORMACIÓN GENERAL
campo de control de longitud fija t|
008 - DATOS DE LONGITUD FIJA--INFORMACIÓN GENERAL
campo de control de longitud fija 100127s1865 sp |r |||| | spa d
040 ## - FUENTE DE CATALOGACIÓN
Centro catalogador/agencia de origen SpMaBN
Lengua de catalogación spa
Centro/agencia transcriptor A2
080 ## - NÚMERO DE LA CLASIFICACIÓN DECIMAL UNIVERSAL
Número de la Clasificación Decimal Universal 78.089.1
100 0# - ENTRADA PRINCIPAL--NOMBRE DE PERSONA
Nombre de persona Camprodón, Francisco.
9 (RLIN) 34301
245 13 - MENCIÓN DEL TÍTULO
Título El relámpago
Resto del título : zarzuela en tres actos y en verso /
Mención de responsabilidad, etc. arreglada por Don Francisco Camprodón ; música de D. Francisco Asenjo Barbieri.
250 ## - MENCION DE EDICION
Mención de edición 2ª ed.
260 ## - PUBLICACIÓN, DISTRIBUCIÓN, ETC.
Lugar de publicación, distribución, etc. Madrid :
Nombre del editor, distribuidor, etc. [s.n.],
Fecha de publicación, distribución, etc. 1865 (
Fabricante Imp. de José Rodríguez)
300 ## - DESCRIPCIÓN FÍSICA
Extensión 72 p. ;
Dimensiones 17 cm.
500 ## - NOTA GENERAL
Nota general Solo la letra.
700 1# - ENTRADA AGREGADA--NOMBRE PERSONAL
Nombre de persona Barbieri, Francisco A.,
Fechas asociadas al nombre 1823-1894
9 (RLIN) 25463
852 ## - LOCALIZACIÓN
Ubicación ES-MaACL
Número de control de estantería F-8622(10)
Nota libre .- Enc. pasta española
condición física .- Falto de la cub. original
Nota libre .- Enc. en un vol. facticio formando parte de la col. facticia "Teatro español moderno", vol. 77 .
-- . - Firma ms. de Gustavo Saenz Diez, 1877
Holdings
Estatus retirado Estado de pérdida Estado de daño No para préstamo Colección Biblioteca de origen Biblioteca actual Ubicación en estantería Fecha de adquisición Fuente de adquisición Total de préstamos Signatura topográfica completa Código de barras Visto por última vez Precio de reemplazo Tipo de ítem Koha
        Libros del s. XIX Biblioteca del Ateneo de Madrid Biblioteca del Ateneo de Madrid Sala Pecera Planta 2 27/01/2010     F-8622(10) 1182490 23/02/2023 23/02/2023 Libro impreso antiguo